Statystyki dla Ekstraklasa sezon 2020/2021

Kliknij tutaj aby rozwiązać quiz!

Ogólne statystyki

  • Ten quiz został rozwiązany 147 razy
  • Średni wynik to 14 z 16

Statystyki odpowiedzi

Klub% Poprawnych
Lech Poznań
100%
Legia Warszawa
100%
Lechia Gdańsk
96%
Wisła Kraków
95%
Śląsk Wrocław
91%
Cracovia
89%
Raków Częstochowa
89%
Pogoń Szczecin
88%
Jagiellonia
87%
Górnik Zabrze
85%
Zagłębie Lubin
85%
Wisła Płock
84%
Piast Gliwice
83%
Stal Mielec
80%
Warta Poznań
80%
Podbeskidzie
79%

Rozkład punktacji

Percentyl według liczby udzielonych odpowiedzi

Procent ludzi z każdym wynikiem

Twoja historia wyników

Nie rozwiązałeś tego quizu